[Event "FIDE World Bl Team Pool B"]
[Site "London ENG"]
[Date "2025.06.14"]
[Round "5.1"]
[White "O'Gorman, Tom"]
[Black "Anand, Viswanathan"]
[Result "1/2-1/2"]
[WhiteTitle "IM"]
[BlackTitle "GM"]
[WhiteElo "2379"]
[BlackElo "2743"]
[WhiteTeam "Oxbridge"]
[BlackTeam "Freedom"]
[WhiteFideId "2508249"]
[BlackFideId "5000017"]
[EventDate "2025.06.14"]
[EventType "team"]

1. e4 c5 2. Nf3 d6 3. Bb5+ Nd7 4. O-O a6 5. Bd3 Ngf6 6. c3 b5 7. a4 Bb7 8. axb5
axb5 9. Rxa8 Bxa8 10. Bxb5 Bxe4 11. d4 cxd4 12. Nxd4 e5 13. Nd2 Bb7 14. Nc4 exd4
15. Re1+ Be4 16. Bg5 d5 17. Qxd4 Be7 18. Bxf6 Bxf6 19. Qxd5 O-O 20. Qxe4 Nc5 21.
Qf3 Qb8 22. Qc6 Nd3 23. Re8 Rxe8 24. Qxe8+ Qxe8 25. Bxe8 Bg5 26. b4 Bf6 27. b5
Bxc3 28. b6 Bd4 29. b7 Ba7 30. Na5 Nb4 31. Kf1 Kf8 32. Nc6 Nxc6 33. Bxc6 Ke7 34.
f3 f5 35. Ke2 Kd6 36. Bb5 f4 37. Bd3 h6 38. Be4 g5 39. Kd3 Ke5 40. Kc4 Kd6 41.
Kb5 Bb8 42. Kb6 Kd7 43. Kc5 Ke6 44. Kc6 Ke7 45. Kd5 Bc7 46. Kc6 Bb8 47. Bf5 Kd8
48. Kd5 Ke7 49. Bc8 Kf6 50. Bh3 Ke7 51. Ke4 Kf6 52. Bg4 Bc7 53. Kd5 Bb8 54. Kc6
Ke7 55. Kd5 Kf6 56. Bh3 Ke7 57. Ke4 Kf6 58. Kd5 Ke7 59. Kd4 Kf6 60. Kd3 Ke7 61.
Ke2 Kf6 62. Kf2 Ke7 63. g3 Kf6 64. Bg4 Ke7 65. Kg2 Kf6 66. Bc8 h5 67. Bd7 fxg3
68. hxg3 h4 69. gxh4 gxh4 70. Kf2 Kg5 71. Ke3 Bc7 72. Ke4 Bb8 73. Bg4 Bc7 74.
Kd5 Bb8 75. Ke6 Kf4 76. Kd7 h3 77. Bxh3 Kxf3 78. Kc8 Ba7 79. b8=Q Bxb8 1/2-1/2

[Event "FIDE World Bl Team Pool B"]
[Site "London ENG"]
[Date "2025.06.14"]
[Round "5.2"]
[White "Le, Quang Liem"]
[Black "Goh, Jinghan Cameron"]
[Result "1-0"]
[WhiteTitle "GM"]
[WhiteElo "2729"]
[BlackElo "2178"]
[WhiteTeam "Freedom"]
[BlackTeam "Oxbridge"]
[WhiteFideId "12401137"]
[BlackFideId "5804540"]
[EventDate "2025.06.14"]
[EventType "team"]

1. Nf3 Nf6 2. c4 c5 3. Nc3 Nc6 4. g3 d5 5. cxd5 Nxd5 6. Bg2 Nc7 7. a3 g6 8. h4
h6 9. d3 Bg7 10. Be3 b6 11. h5 Bb7 12. hxg6 fxg6 13. Qa4 Qd7 14. Nh4 g5 15. Nf5
Bxc3+ 16. bxc3 O-O-O 17. Nxh6 Rdf8 18. Qg4 e6 19. Qxg5 Kb8 20. Ng4 Rxh1+ 21.
Bxh1 Na5 22. Bxb7 Kxb7 23. f3 Nd5 24. Bd2 Rh8 25. Kf2 Nb3 26. Rb1 Nxd2 27. Qxd2
Qg7 28. c4 Nc7 29. Qe3 Qc3 30. Qe4+ Kb8 31. Qf4 Qxa3 32. Qe5 Rc8 33. Nf6 Qa4 34.
g4 Qc6 35. g5 Kb7 36. g6 Rh8 37. g7 Rh2+ 1-0

[Event "FIDE World Bl Team Pool B"]
[Site "London ENG"]
[Date "2025.06.14"]
[Round "5.3"]
[White "Ratnesan, Ranesh"]
[Black "Martirosyan, Haik M."]
[Result "0-1"]
[WhiteTitle "CM"]
[BlackTitle "GM"]
[WhiteElo "2138"]
[BlackElo "2635"]
[WhiteTeam "Oxbridge"]
[BlackTeam "Freedom"]
[WhiteFideId "439339"]
[BlackFideId "13306553"]
[EventDate "2025.06.14"]
[EventType "team"]

1. d4 Nf6 2. Nf3 e6 3. Bg5 c5 4. e3 b6 5. c3 Bb7 6. Nbd2 Be7 7. Bd3 h6 8. Bh4 d6
9. a4 a6 10. Qe2 Nbd7 11. O-O O-O 12. e4 cxd4 13. Nxd4 Ne5 14. Bc2 Ng6 15. Bg3
Re8 16. Rad1 Qc7 17. Rfe1 Bf8 18. f3 Rac8 19. Bb3 Nd7 20. Bf2 Be7 21. Bg3 Nc5
22. Bc2 Bg5 23. Nc4 Nf4 24. Qf2 Nd7 25. Ne3 Nh5 26. h4 Be7 27. Bh2 Qd8 28. g3
Ne5 29. Bb3 Bf6 30. f4 Nd7 31. f5 Nc5 32. fxe6 fxe6 33. Qf3 Bxd4 34. cxd4 Nxb3
35. Qxh5 Bxe4 36. d5 Qf6 37. Rf1 Qg6 38. Qe2 exd5 39. g4 d4 40. Ng2 Rc2 0-1

[Event "FIDE World Bl Team Pool B"]
[Site "London ENG"]
[Date "2025.06.14"]
[Round "5.4"]
[White "Mamedov, Rauf"]
[Black "Rushbrooke, Remy"]
[Result "1-0"]
[WhiteTitle "GM"]
[WhiteElo "2657"]
[BlackElo "2090"]
[WhiteTeam "Freedom"]
[BlackTeam "Oxbridge"]
[WhiteFideId "13401653"]
[BlackFideId "443590"]
[EventDate "2025.06.14"]
[EventType "team"]

1. e4 g6 2. d4 Bg7 3. Nf3 d6 4. Bc4 Nf6 5. Qe2 O-O 6. O-O Bg4 7. Nbd2 Nc6 8. c3
e5 9. d5 Ne7 10. h3 Bd7 11. Re1 Nh5 12. Nf1 f5 13. Ng5 f4 14. Nh2 Qe8 15. Qd1 h6
16. Ne6 Bxe6 17. dxe6 g5 18. a4 Kh8 19. a5 Nf6 20. g4 Qg6 21. Ra3 Nxe4 22. Bd3
Nxc3 23. Rxc3 Qxe6 24. Rxc7 d5 25. Bd2 e4 26. Bf1 Qd6 27. Rxb7 e3 28. Bb4 1-0

[Event "FIDE World Bl Team Pool B"]
[Site "London ENG"]
[Date "2025.06.14"]
[Round "5.5"]
[White "Hng, Mei-Xian Eunice"]
[Black "Muzychuk, Anna"]
[Result "0-1"]
[WhiteTitle "WFM"]
[BlackTitle "GM"]
[WhiteElo "2066"]
[BlackElo "2535"]
[WhiteTeam "Oxbridge"]
[BlackTeam "Freedom"]
[WhiteFideId "5806585"]
[BlackFideId "14111330"]
[EventDate "2025.06.14"]
[EventType "team"]

1. Nf3 f5 2. c4 Nf6 3. d4 g6 4. Nc3 Bg7 5. g3 O-O 6. Bg2 d6 7. O-O e6 8. Qc2 Nc6
9. e4 e5 10. dxe5 dxe5 11. Rd1 Qe8 12. Be3 f4 13. Bc5 Rf7 14. Nd5 Bg4 15. h3
Bxf3 16. Bxf3 fxg3 17. fxg3 Nxd5 18. cxd5 Rxf3 19. Kg2 Rf7 20. dxc6 Qxc6 21.
Rac1 Bh6 22. Qb3 Bxc1 23. Rxc1 Qxe4+ 24. Kh2 Rd8 25. Rc2 Rd1 26. Rg2 Qe1 27. g4
Rd2 28. Qg3 Qxg3+ 29. Kxg3 Rxg2+ 0-1

[Event "FIDE World Bl Team Pool B"]
[Site "London ENG"]
[Date "2025.06.14"]
[Round "5.6"]
[White "Mani, Sarbartho"]
[Black "Nayberg, Simona"]
[Result "1-0"]
[WhiteElo "1847"]
[BlackElo "1819"]
[WhiteTeam "Freedom"]
[BlackTeam "Oxbridge"]
[WhiteFideId "366112022"]
[BlackFideId "2075180"]
[EventDate "2025.06.14"]
[EventType "team"]

1. e4 Nf6 2. e5 Nd5 3. d4 d6 4. c4 Nb6 5. exd6 exd6 6. Bd3 Be7 7. Nf3 h6 8. O-O
O-O 9. h3 Be6 10. b3 Bf6 11. Bb2 d5 12. c5 N6d7 13. Nc3 Nc6 14. Bb1 Re8 15. a3
a5 16. Bc2 Ne7 17. Re1 Bf5 18. Rxe7 Qxe7 19. Bxf5 c6 20. Qd2 g6 21. Bd3 Bg7 22.
Ne2 Nf6 23. Ne5 Ne4 24. Bxe4 dxe4 25. Re1 Rad8 26. Qe3 Qh4 27. Ng3 Bxe5 28. dxe5
Rd3 29. Qxe4 Qxe4 30. Nxe4 Kf8 31. Nd6 Re6 32. Nxb7 Rxb3 33. Nd8 Rxb2 34. Nxe6+
fxe6 35. Rd1 Ke7 36. Rd6 Rb1+ 37. Kh2 Re1 38. f4 Re3 39. Rxc6 Rxa3 40. Rc7+ Ke8
41. Ra7 g5 42. c6 Kd8 43. f5 exf5 44. e6 Rc3 45. e7+ Ke8 46. c7 1-0

[Event "FIDE World Bl Team Pool B"]
[Site "London ENG"]
[Date "2025.06.14"]
[Round "5.1"]
[White "Bansal, Rohan"]
[Black "Rakotomaharo, Fy Antenaina"]
[Result "0-1"]
[BlackTitle "IM"]
[WhiteElo "2005"]
[BlackElo "2441"]
[WhiteTeam "Desert Penguins"]
[BlackTeam "Mother Continent"]
[WhiteFideId "425052"]
[BlackFideId "13100050"]
[EventDate "2025.06.14"]
[EventType "team"]

1. d4 d5 2. Nf3 Nf6 3. e3 c5 4. b3 cxd4 5. exd4 Bg4 6. Bb2 Nc6 7. Be2 e6 8. O-O
Bd6 9. Nbd2 O-O 10. a3 Rc8 11. c4 Bb8 12. c5 Ne4 13. b4 Qf6 14. Re1 Qh6 15. Nf1
f5 16. Ne5 Bxe2 17. Qxe2 Bxe5 18. dxe5 f4 19. f3 Ng5 20. b5 Ne7 21. Rac1 Rc7 22.
a4 Rfc8 23. Ba3 Nf5 24. c6 bxc6 25. Bd6 Rd7 26. bxc6 Rdd8 27. c7 Re8 28. Qb5 Qg6
29. Kh1 Nd4 30. Qb1 Qh5 31. a5 Ndxf3 32. Red1 Nh4 33. Kg1 f3 34. Ng3 Qg4 35. Qb5
f2+ 36. Kf1 Nxg2 37. Qxe8+ Rxe8 38. c8=Q Rxc8 39. Rxc8+ Kf7 0-1

[Event "FIDE World Bl Team Pool B"]
[Site "London ENG"]
[Date "2025.06.14"]
[Round "5.2"]
[White "Mhango, Banele"]
[Black "Bharat Kumar, Balahari"]
[Result "1-0"]
[WhiteTitle "FM"]
[WhiteElo "2236"]
[BlackElo "2052"]
[WhiteTeam "Mother Continent"]
[BlackTeam "Desert Penguins"]
[WhiteFideId "14327040"]
[BlackFideId "496464"]
[EventDate "2025.06.14"]
[EventType "team"]

1. d4 d5 2. Nc3 Nf6 3. Bf4 g6 4. e3 Bg7 5. h4 h5 6. Nf3 O-O 7. Ne5 c5 8. dxc5
Qa5 9. Qd2 Qxc5 10. Na4 Qc7 11. Nxg6 Qc6 12. Nxe7+ 1-0

[Event "FIDE World Bl Team Pool B"]
[Site "London ENG"]
[Date "2025.06.14"]
[Round "5.3"]
[White "Bansal, Saahil"]
[Black "George Samir, David"]
[Result "1/2-1/2"]
[BlackTitle "FM"]
[WhiteElo "1979"]
[BlackElo "2356"]
[WhiteTeam "Desert Penguins"]
[BlackTeam "Mother Continent"]
[WhiteFideId "438316"]
[BlackFideId "10657789"]
[EventDate "2025.06.14"]
[EventType "team"]

1. d4 Nf6 2. c4 e6 3. Nf3 d5 4. Nc3 Bb4 5. Qa4+ Nc6 6. e3 O-O 7. Qc2 Re8 8. Bd3
e5 9. dxe5 Nxe5 10. Nxe5 Rxe5 11. O-O dxc4 12. Bxc4 Bd6 13. Rd1 Rh5 14. h3 Qe7
15. Nd5 Nxd5 16. Bxd5 Bf5 17. Qc4 Rh4 18. Qb3 c6 19. Bf3 Qe5 20. Bd2 Rxh3 21.
Kf1 Rh2 22. Bc3 Qe7 23. Ke2 Be6 24. Qa4 b5 25. Qd4 Bc4+ 26. Kd2 f6 27. Kc2 Be5
28. Qg4 Be6 29. Qe4 Bxc3 30. bxc3 Rf8 31. Qxc6 Rc8 32. Qxb5 Qc7 33. Rd3 Rh4 34.
Bd5 Bxd5 35. Qxd5+ Kh8 36. Rad1 h6 37. Qd7 Qc5 38. Qd5 Qa3 39. Qb3 Qa5 40. Qd5
Ra4 41. Qxa5 Rxa5 42. Rd8+ Rxd8 43. Rxd8+ Kh7 44. Kb2 Rb5+ 45. Kc2 Ra5 46. Kb2
Rb5+ 47. Kc2 Ra5 48. Kb2 h5 49. Rd4 g5 50. e4 Kg6 51. g3 Rb5+ 52. Kc2 Ra5 53.
Kb2 h4 54. gxh4 1/2-1/2

[Event "FIDE World Bl Team Pool B"]
[Site "London ENG"]
[Date "2025.06.14"]
[Round "5.4"]
[White "Wanyama, Harold"]
[Black "Ding, Yiwen"]
[Result "1-0"]
[WhiteTitle "FM"]
[WhiteElo "2143"]
[BlackElo "1844"]
[WhiteTeam "Mother Continent"]
[BlackTeam "Desert Penguins"]
[WhiteFideId "10000380"]
[BlackFideId "495980"]
[EventDate "2025.06.14"]
[EventType "team"]

1. d4 Nf6 2. c4 e6 3. g3 d5 4. Bg2 c6 5. Nf3 Bd6 6. Nbd2 Nbd7 7. Qc2 O-O 8. e4
dxe4 9. Nxe4 Nxe4 10. Qxe4 Qe7 11. O-O e5 12. dxe5 Nxe5 13. Ng5 Ng6 14. Qc2 h6
15. Nf3 Ne5 16. Nd4 Qc7 17. c5 Be7 18. Bf4 f6 19. Rae1 Rd8 20. Nf5 Bxf5 21. Qxf5
Bxc5 22. Be4 Re8 23. Qh7+ Kf8 24. Bxe5 Qxe5 25. Bg6 Qxe1 26. Rxe1 Rxe1+ 27. Kg2
Rd8 28. Qh8+ Ke7 29. Qxg7+ Ke6 30. Qf7+ Kd6 31. Qxf6+ Kc7 32. Qf4+ Bd6 33. Qd2
Re7 34. Qa5+ Kc8 35. Bf5+ Rdd7 36. Qxa7 Bb8 37. Qd4 1-0

[Event "FIDE World Bl Team Pool B"]
[Site "London ENG"]
[Date "2025.06.14"]
[Round "5.5"]
[White "Ding, Yicheng"]
[Black "QUICKPEN, Deborah Ebimobo-ere"]
[Result "1/2-1/2"]
[BlackTitle "WCM"]
[WhiteElo "1793"]
[BlackElo "2081"]
[WhiteTeam "Desert Penguins"]
[BlackTeam "Mother Continent"]
[WhiteFideId "483087"]
[BlackFideId "8511616"]
[EventDate "2025.06.14"]
[EventType "team"]

1. d4 Nf6 2. c4 e6 3. Nf3 d5 4. Nc3 c6 5. e3 Bd6 6. Be2 O-O 7. O-O Nbd7 8. b3 b6
9. Bb2 Bb7 10. Qc2 Rc8 11. Rac1 c5 12. dxc5 Nxc5 13. cxd5 Nxd5 14. Nxd5 Bxd5 15.
Qd1 Qe7 16. Qd4 f6 17. Rfd1 Rfd8 18. Qg4 Bb8 19. b4 f5 20. Qg5 Qxg5 21. Nxg5 Na4
22. Ba3 Nc3 23. Re1 Nxe2+ 24. Rxe2 Rxc1+ 25. Bxc1 Rc8 26. Re1 h6 27. Nf3 Bd6 28.
a3 Bxf3 29. gxf3 Rc2 30. Rd1 Be5 31. e4 Kf7 32. exf5 exf5 33. Rd7+ Kf6 34. Be3
f4 35. Bd4 Bxd4 36. Rxd4 g5 37. Rd7 Rc3 38. Rxa7 Rxf3 39. Kg2 Rb3 40. Ra6 Kf5
41. Rxb6 Rxa3 42. Rxh6 Rb3 43. Rb6 1/2-1/2

[Event "FIDE World Bl Team Pool B"]
[Site "London ENG"]
[Date "2025.06.14"]
[Round "5.6"]
[White "Amoako Philip Selikem Yao"]
[Black "Ding, Yihua"]
[Result "1-0"]
[WhiteElo "1948"]
[BlackElo "1536"]
[WhiteTeam "Mother Continent"]
[BlackTeam "Desert Penguins"]
[WhiteFideId "12602256"]
[BlackFideId "495999"]
[EventDate "2025.06.14"]
[EventType "team"]

1. e4 c5 2. Nc3 d6 3. g3 Nf6 4. Bg2 Nbd7 5. d3 e6 6. Be3 Be7 7. h3 O-O 8. Nge2
Rb8 9. Qd2 b6 10. O-O Bb7 11. f4 h6 12. g4 Qc7 13. Ng3 e5 14. f5 Rbd8 15. g5
hxg5 16. Bxg5 Rfe8 17. h4 Nf8 18. h5 N6h7 19. Bxe7 Qxe7 20. h6 Qg5 21. Qxg5 Nxg5
22. Nh5 Nfh7 23. Nxg7 Re7 24. Nh5 Ree8 25. Ne2 Re7 26. Neg3 Rc8 27. f6 Re6 28.
Nf5 Rce8 29. Nfg7 1-0

[Event "FIDE World Bl Team Pool B"]
[Site "London ENG"]
[Date "2025.06.14"]
[Round "5.1"]
[White "Aronian, Levon"]
[Black "Murawski, Jan"]
[Result "1-0"]
[WhiteTitle "GM"]
[BlackTitle "CM"]
[WhiteElo "2742"]
[BlackElo "2164"]
[WhiteTeam "Hexamind Chess Team"]
[BlackTeam "UK Chess Challenge Masters"]
[WhiteFideId "13300474"]
[BlackFideId "21009287"]
[EventDate "2025.06.14"]
[EventType "team"]

1. d4 Nf6 2. Nf3 d5 3. e3 c5 4. dxc5 e6 5. b4 a5 6. c3 axb4 7. cxb4 b6 8. Bb5+
Bd7 9. Bxd7+ Nbxd7 10. a4 bxc5 11. b5 c4 12. O-O Bb4 13. Nd4 Qb6 14. Nc6 Bc5 15.
Nc3 O-O 16. a5 Qc7 17. Ba3 Bxa3 18. Rxa3 Ne5 19. Nxe5 Qxe5 20. b6 Rfb8 21. Nb5
d4 22. Nxd4 Qc5 23. Qa1 Nd5 24. Ra4 c3 25. Rc1 e5 26. Nf3 h6 27. h3 Qb5 28. Ra3
e4 29. Nd4 Qb4 30. Ra4 Qc5 31. Qa2 Ra6 32. Rb1 Rba8 33. Rb5 Qc8 34. Qxd5 c2 35.
Nxc2 Qxc2 36. Qxe4 Qc1+ 37. Kh2 Qc8 38. b7 1-0

[Event "FIDE World Bl Team Pool B"]
[Site "London ENG"]
[Date "2025.06.14"]
[Round "5.2"]
[White "Zhu, Pengxiao"]
[Black "Murzin, Volodar"]
[Result "0-1"]
[BlackTitle "GM"]
[WhiteElo "1938"]
[BlackElo "2666"]
[WhiteTeam "UK Chess Challenge Masters"]
[BlackTeam "Hexamind Chess Team"]
[WhiteFideId "499307"]
[BlackFideId "44155573"]
[EventDate "2025.06.14"]
[EventType "team"]

1. d4 Nf6 2. c4 g6 3. Nc3 Bg7 4. e4 O-O 5. h3 d6 6. Be3 c6 7. Nge2 a6 8. g4 b5
9. Ng3 b4 10. Nb1 e5 11. d5 a5 12. Nd2 Nfd7 13. a3 bxa3 14. Rxa3 Bb7 15. Be2 Na6
16. Nb3 Nb4 17. O-O c5 18. Qd2 a4 19. Na1 Nb6 20. Nc2 Nxc2 21. Qxc2 Bc8 22. Rfa1
Bd7 23. b3 axb3 24. Qxb3 Qc7 25. Bd2 Rxa3 26. Rxa3 Rb8 27. Ba5 Bf6 28. Bxb6 Rxb6
29. Qf3 Bg5 30. Rb3 Kg7 31. Kg2 Rb4 32. Ra3 Ba4 33. Bd3 Bc1 34. Ra2 Bb3 35. Ra8
Bg5 36. Qe2 Qb7 37. Ra1 Ba4 38. Nf1 Rb2 39. Qf3 Qb4 40. Ne3 Rd2 41. Bf1 Bf4 42.
h4 Be8 43. g5 Qc3 44. Ng4 Qxa1 45. Nf6 Ba4 46. Qg4 Qd4 47. Qf3 Bd1 0-1

[Event "FIDE World Bl Team Pool B"]
[Site "London ENG"]
[Date "2025.06.14"]
[Round "5.3"]
[White "Giri, Anish"]
[Black "Sefton, Adam"]
[Result "1-0"]
[WhiteTitle "GM"]
[WhiteElo "2748"]
[BlackElo "2047"]
[WhiteTeam "Hexamind Chess Team"]
[BlackTeam "UK Chess Challenge Masters"]
[WhiteFideId "24116068"]
[BlackFideId "343400965"]
[EventDate "2025.06.14"]
[EventType "team"]

1. e4 e6 2. d4 d5 3. e5 c5 4. c3 Nc6 5. Nf3 Bd7 6. Be2 f6 7. O-O fxe5 8. dxe5
Nge7 9. c4 d4 10. Re1 Ng6 11. Bd3 Qc7 12. Bg5 Be7 13. Bxg6+ hxg6 14. Qd3 Kf7 15.
Bxe7 Nxe7 16. Nbd2 Rh6 17. Ne4 Nf5 18. g4 Ne7 19. Nfg5+ Kg8 20. f4 Rf8 21. Rf1
b6 22. Rae1 Nc6 23. a3 Nd8 24. b4 Nf7 25. bxc5 bxc5 26. Nxf7 Rxf7 27. Ng5 Rf8
28. Rf3 Qc6 29. Ref1 Bc8 30. Kg2 Bb7 31. Kg3 Qd7 32. R3f2 Qe7 33. h4 Qd7 34. Rb1
Re8 35. Rfb2 Ba8 36. Rb8 Rc8 37. Qb3 Kf8 38. Rxc8+ Qxc8 39. Qb8 Qxb8 40. Rxb8+
Ke7 41. Rxa8 d3 42. Rxa7+ Kd8 43. Nxe6+ Kc8 44. Rc7+ Kb8 45. Rd7 g5 46. Nxg5 d2
47. Rxd2 Rb6 48. f5 Rb3+ 49. Kf4 Rxa3 50. e6 1-0

[Event "FIDE World Bl Team Pool B"]
[Site "London ENG"]
[Date "2025.06.14"]
[Round "5.4"]
[White "Yu, Rock"]
[Black "Dominguez Perez, Leinier"]
[Result "0-1"]
[BlackTitle "GM"]
[WhiteElo "2057"]
[BlackElo "2738"]
[WhiteTeam "UK Chess Challenge Masters"]
[BlackTeam "Hexamind Chess Team"]
[WhiteFideId "489000"]
[BlackFideId "3503240"]
[EventDate "2025.06.14"]
[EventType "team"]

1. d4 d5 2. e4 dxe4 3. Nc3 Nf6 4. f3 exf3 5. Nxf3 e6 6. Bg5 Be7 7. Bd3 c5 8.
dxc5 Qa5 9. Qe2 Nbd7 10. O-O-O O-O 11. Rhe1 Nxc5 12. h4 Nxd3+ 13. Rxd3 b6 14.
Bxf6 Bxf6 15. Qe4 Ba6 16. Rde3 Rac8 17. Nb1 Rc4 18. Qd3 Rb4 19. Qa3 Bxb2+ 20.
Qxb2 Rxb2 21. Kxb2 Rc8 22. Nbd2 Bb7 23. Nb3 Qb4 24. a3 Qe7 25. h5 Bxf3 26. gxf3
h6 27. Re4 Qf6+ 28. Kb1 Qxf3 29. Nd4 Qxa3 30. Rg1 Rc4 31. Reg4 Rb4+ 32. Nb3 Rxg4
33. Rxg4 Qd6 34. Rc4 Qd1+ 35. Kb2 Qxh5 36. Rc8+ Kh7 37. Nd4 Qe5 38. c3 h5 0-1

[Event "FIDE World Bl Team Pool B"]
[Site "London ENG"]
[Date "2025.06.14"]
[Round "5.5"]
[White "Divya, Deshmukh"]
[Black "Longson, Sarah N"]
[Result "1-0"]
[WhiteTitle "IM"]
[BlackTitle "WFM"]
[WhiteElo "2463"]
[BlackElo "1941"]
[WhiteTeam "Hexamind Chess Team"]
[BlackTeam "UK Chess Challenge Masters"]
[WhiteFideId "35006916"]
[BlackFideId "2501465"]
[EventDate "2025.06.14"]
[EventType "team"]

1. e4 e5 2. Nc3 Nf6 3. Bc4 Nxe4 4. Qh5 Nd6 5. Bb3 Be7 6. Nf3 Nc6 7. Nxe5 Nxe5 8.
Qxe5 O-O 9. O-O Bf6 10. Qf4 Bg5 11. Qf3 Qf6 12. Qxf6 Bxf6 13. Nd5 Bd8 14. d3 c6
15. Bf4 Nf5 16. Nc7 Bxc7 17. Bxc7 d5 18. c3 Be6 19. Rfe1 Rac8 20. Bf4 h6 21. Re2
Rfe8 22. Rae1 Bd7 23. d4 Re6 24. Rxe6 Bxe6 25. Bc2 Ne7 26. Bd6 Nf5 27. Bxf5 Bxf5
28. Re7 Rd8 29. Bf4 Rd7 30. Re8+ Kh7 31. f3 a6 32. a4 g5 33. Be5 Be6 34. Rh8+
Kg6 35. Rg8+ Kf5 36. g4# 1-0

[Event "FIDE World Bl Team Pool B"]
[Site "London ENG"]
[Date "2025.06.14"]
[Round "5.1"]
[White "Adams, Michael"]
[Black "Harvey, Marcus R"]
[Result "0-1"]
[WhiteTitle "GM"]
[BlackTitle "IM"]
[WhiteElo "2659"]
[BlackElo "2445"]
[WhiteTeam "Malcolm's Mates"]
[BlackTeam "Wood Green"]
[WhiteFideId "400041"]
[BlackFideId "400092"]
[EventDate "2025.06.14"]
[EventType "team"]

1. e4 c6 2. d4 d5 3. e5 Bf5 4. Bd3 Bxd3 5. Qxd3 e6 6. Ne2 c5 7. c3 Nc6 8. O-O a6
9. Be3 cxd4 10. cxd4 Nge7 11. Ng3 Qb6 12. Nd2 Qb5 13. Qc2 Rc8 14. Qd1 Qd3 15.
Nf3 Qxd1 16. Rfxd1 Nf5 17. Nxf5 exf5 18. h4 Be7 19. h5 h6 20. Ne1 Nd8 21. Rac1
Rxc1 22. Rxc1 Kd7 23. Nd3 Ne6 24. Kf1 g5 25. hxg6 fxg6 26. Nf4 Nxf4 27. Bxf4 g5
28. Bd2 b6 29. Ke2 Rc8 30. Bc3 b5 31. Rh1 Bf8 32. Kd3 Ke6 33. g3 Kf7 34. Bd2 Rc6
35. Ra1 Kg6 36. a4 b4 37. a5 h5 38. f4 g4 39. Rh1 Be7 40. b3 Rc8 41. Rh2 Rh8 42.
Be1 Rc8 43. Rc2 Rxc2 44. Kxc2 Kf7 45. Kd3 Ke6 46. Kc2 Kd7 47. Kb2 Kc6 48. Kc2
Kb5 49. Kb2 Kxa5 50. Kc2 Kb5 51. Kb2 a5 52. Ka2 Kc6 53. Kb2 Kd7 54. Kc2 Ke6 55.
Kb2 Kf7 56. Kc2 Kg6 57. Kd3 Bf8 58. Ke2 Kh6 59. Kd3 Kh7 60. Ke2 Kg8 61. Kd3 Kf7
62. Ke2 Ke6 63. Kd3 Kd7 64. Kc2 Be7 65. Kd3 Ke6 66. Kc2 Bf8 67. Kd3 Bh6 68. Bd2
h4 69. gxh4 g3 70. Ke2 a4 71. bxa4 b3 72. Bc3 Bxf4 73. a5 Bd2 74. a6 g2 75. a7
g1=Q 76. a8=Q Qe1+ 77. Kf3 Qf1+ 78. Kg3 Bf4# 0-1

[Event "FIDE World Bl Team Pool B"]
[Site "London ENG"]
[Date "2025.06.14"]
[Round "5.2"]
[White "Willow, Jonah B"]
[Black "Vitiugov, Nikita"]
[Result "1-0"]
[WhiteTitle "IM"]
[BlackTitle "GM"]
[WhiteElo "2470"]
[BlackElo "2671"]
[WhiteTeam "Wood Green"]
[BlackTeam "Malcolm's Mates"]
[WhiteFideId "438804"]
[BlackFideId "4152956"]
[EventDate "2025.06.14"]
[EventType "team"]

1. e4 e5 2. Nf3 Nc6 3. Bb5 a6 4. Ba4 Nf6 5. O-O Be7 6. Bxc6 dxc6 7. d3 Nd7 8.
Be3 O-O 9. Nbd2 f6 10. Nh4 Nc5 11. Nf5 Ne6 12. Kh1 Bc5 13. Nc4 Kh8 14. a4 Bxe3
15. Nfxe3 a5 16. g3 Nc5 17. f4 exf4 18. gxf4 f5 19. e5 b6 20. Qf3 Bb7 21. Kg1
Ne6 22. Rf2 Rb8 23. Qh3 c5 24. Re1 g6 25. Qg3 Qd7 26. b3 Nd4 27. Ng2 Qc6 28. Kf1
Nf3 29. Re3 Nd4 30. e6 Rbe8 31. e7 Rf6 32. Ne5 Qd5 33. Qh4 Re6 34. Rh3 R8xe7 35.
Nxg6+ Rxg6 36. Qxe7 Rg7 37. Qf8+ Rg8 38. Qf6+ Rg7 39. Rg3 Qf7 40. Qe5 Kg8 41.
Nh4 Rxg3 42. hxg3 Bc6 43. Rh2 Qg7 44. Qxg7+ Kxg7 45. c3 Nxb3 46. Nxf5+ Kf6 47.
g4 Bf3 48. Rh6+ Kf7 49. Rxh7+ Kf6 50. Rh6+ Kf7 51. g5 1-0

[Event "FIDE World Bl Team Pool B"]
[Site "London ENG"]
[Date "2025.06.14"]
[Round "5.3"]
[White "Saric, Ivan"]
[Black "Czopor, Maciej"]
[Result "0-1"]
[WhiteTitle "GM"]
[BlackTitle "IM"]
[WhiteElo "2661"]
[BlackElo "2423"]
[WhiteTeam "Malcolm's Mates"]
[BlackTeam "Wood Green"]
[WhiteFideId "14508150"]
[BlackFideId "21805431"]
[EventDate "2025.06.14"]
[EventType "team"]

1. Nf3 Nf6 2. g3 g6 3. Bg2 Bg7 4. O-O O-O 5. d4 d6 6. Re1 Nbd7 7. e4 e5 8. Nc3
c6 9. a4 Re8 10. h3 a5 11. b3 exd4 12. Nxd4 Nc5 13. Ba3 Qb6 14. Bb2 Bd7 15. Qd2
Rad8 16. Rad1 Bc8 17. Kh1 h5 18. f4 d5 19. e5 Nfe4 20. Nxe4 Nxe4 21. Qe3 c5 22.
Nb5 Bf5 23. c4 h4 24. g4 d4 25. Qf3 Ng3+ 26. Kg1 Bc2 27. Rd2 d3 28. f5 Bh6 29.
e6 fxe6 30. f6 Rf8 31. Re3 Qc6 32. Rdxd3 Qxf3 33. Rxf3 Rxd3 34. Rxd3 Bxd3 35.
Bxb7 Be4 36. Nd6 Be3+ 37. Kh2 Nf1# 0-1

[Event "FIDE World Bl Team Pool B"]
[Site "London ENG"]
[Date "2025.06.14"]
[Round "5.4"]
[White "Wadsworth, Matthew J"]
[Black "McShane, Luke J"]
[Result "0-1"]
[WhiteTitle "IM"]
[BlackTitle "GM"]
[WhiteElo "2481"]
[BlackElo "2615"]
[WhiteTeam "Wood Green"]
[BlackTeam "Malcolm's Mates"]
[WhiteFideId "415804"]
[BlackFideId "404853"]
[EventDate "2025.06.14"]
[EventType "team"]

1. Nf3 Nf6 2. c4 g6 3. g3 Bg7 4. Bg2 O-O 5. d4 d6 6. Nc3 Nbd7 7. O-O e5 8. e4
exd4 9. Nxd4 c6 10. h3 Qb6 11. Nc2 Re8 12. Rb1 Nc5 13. Re1 Nfd7 14. Be3 Qc7 15.
Bd4 Bf8 16. b3 a5 17. f4 Ne6 18. Bf2 Bg7 19. Ne2 Nec5 20. Ned4 Nf6 21. e5 dxe5
22. fxe5 Rxe5 23. Rxe5 Qxe5 24. Nf3 Qe7 25. Qe1 Qxe1+ 26. Nfxe1 Nce4 27. Rd1 Be6
28. Nd4 Rd8 29. Bf3 Nxf2 30. Kxf2 Bxh3 31. Ndc2 Rxd1 32. Bxd1 Ne4+ 33. Kf3 Nc3
34. Be2 h5 35. Kf2 Nxa2 36. Nd3 Nc3 37. Nc5 Bc8 38. Bf3 Bf8 39. Nd3 a4 40. bxa4
Nxa4 41. Nd4 Nc5 42. Nf4 Bg7 43. Nde2 Be5 44. Ke3 Kg7 45. Nd3 Nxd3 46. Kxd3 Kf6
47. Ke3 Bd6 48. Kd3 Bf5+ 49. Ke3 Ke5 50. Nf4 Bc5+ 0-1